Paroles : La Lettre du Front - Kenza Farah & Sefyu - Statistiques

Statistiques générales
  • Ce quiz a été pris 35 fois
  • Le résultat moyen est 405 sur 554
Statistiques - réponses
% Correct
du
100%
front
100%
le
100%
Le
100%
lettre
100%
coulent
95%
de
95%
des
95%
Des
95%
et
95%
Et
95%
Je
95%
je
95%
la
95%
La
95%
larmes
95%
les
95%
me
95%
mes
95%
ne
95%
pas
95%
ta
95%
y
95%
yeux
95%
À
91%
à
91%
a
91%
froid
91%
j'ai
91%
J'ai
91%
jour
91%
m'a
91%
ma
91%
par
91%
te
91%
tes
91%
toi
91%
un
91%
Un
91%
au
86%
Au
86%
ce
86%
dans
86%
Dans
86%
loin
86%
Loin
86%
m'as
86%
plus
86%
que
86%
se
86%
sur
86%
Sur
86%
ton
86%
Tu
86%
tu
86%
an
82%
bat
82%
en
82%
En
82%
lettres
82%
lis
82%
miens
82%
mon
82%
Mon
82%
m'y
82%
peur
82%
pour
82%
Pour
82%
qui
82%
Qui
82%
rien
82%
sourire
82%
sous
82%
souvenirs
82%
as
77%
chacune
77%
cœur
77%
d'un
77%
font
77%
Ici
77%
joues
77%
moi
77%
on
77%
77%
passe
77%
reviendrais
77%
Reviens
77%
t'en
77%
vie
77%
voient
77%
bataille
73%
battre
73%
C'est
73%
c'est
73%
champ
73%
Déjà
73%
doigts
73%
donné
73%
fait
73%
force
73%
hiver
73%
ils
73%
inchallah
73%
m'en
73%
Nous
73%
papier
73%
parti
73%
partir
73%
promis
73%
revenir
73%
rythme
73%
sans
73%
soutenir
73%
tien
73%
une
73%
veux
73%
amis
68%
année
68%
aujourd'hui
68%
combats
68%
compte
68%
d'une
68%
évites
68%
fasses
68%
fois
68%
froisse
68%
Jamais
68%
mort
68%
nombre
68%
ont
68%
paré
68%
parler
68%
passée
68%
perles
68%
prie
68%
puise
68%
quai
68%
rages
68%
relu
68%
revois
68%
salées
68%
sang
68%
soucis
68%
uniforme
68%
balle
64%
disparu
64%
fier
64%
fond
64%
gare
64%
mains
64%
nuit
64%
Pourquoi
64%
puisses
64%
roulent
64%
sont
64%
t'étais
64%
tremble
64%
trouver
64%
visage
64%
aussi
59%
celle
59%
cette
59%
cocktail
59%
couleur
59%
décris
59%
donner
59%
est
59%
là-bas
59%
l'armée
59%
m'assaillent
59%
neige
59%
parles
59%
paru
59%
puises
59%
Quand
59%
quartier
59%
rêves
59%
soutien
59%
suis
59%
temp
59%
vu
59%
avant
55%
brûlées
55%
Car
55%
cramée
55%
d'autres
55%
dernière
55%
flotte
55%
image
55%
j'étais
55%
mois
55%
odeur
55%
paysages
55%
second
55%
sommes
55%
t'écris
55%
tout
55%
vais
55%
3
50%
ans
50%
artères
50%
décembre
50%
keufs
50%
logée
50%
n'a
50%
plein
50%
reste
50%
titre
50%
tranchés
50%
appris
45%
bulldozer
45%
derrière
45%
énième
45%
étaient
45%
formé
45%
guerre
45%
hier
45%
l'ai
45%
l'équipe
45%
Oh
45%
prison
45%
Carrefour
41%
ceux
41%
changé
41%
chaque
41%
comprendre
41%
comprennes
41%
compris
41%
courses
41%
détruit
41%
durant
41%
Embrasses
41%
ferme
41%
J'écris
41%
journées
41%
l'assaut
41%
l'odeur
41%
m'engageant
41%
qu'au
41%
arrière
36%
avec
36%
barrière
36%
carnet
36%
déroulement
36%
m'aimaient
36%
manière
36%
mieux
36%
misère
36%
orient
36%
pleurs
36%
proche
36%
repoussent
36%
retrouve
36%
t'embrasse
36%
T'inquiète
36%
travers
36%
voulais
36%
alarmés
32%
borné
32%
connais
32%
détourné
32%
enfermée
32%
Ensuite
32%
fumer
32%
m'affirmer
32%
posthume
32%
ressent
32%
salat
32%
tirs
32%
casting
27%
chanmé
27%
chtarbés
27%
j'emmène
27%
morts
27%
n'ai
27%
parterre
27%
postule
27%
Rwanda
27%
t'épargné
27%
contourné
23%
InshAllah
23%
l'on
23%
page
23%
tourner
23%
cané
18%
Darfour
18%
entre
18%
mecs
18%
renfermé
14%
fuses
9%
molotova
9%
Ouh
9%
ouh
9%
supporteurs
9%
bière
5%
ooh
5%
Srab
5%
starbé
5%
Zharma
5%
aspiré
0%
Aucun quiz correspondant
Distribution des résultats
% des personnes avec chaque résultat
Percentile par nombre de réponses
Votre historique - résultats
Vous n’avez pas pris ce quiz